| 000 | 00954nmc a2200313 a 4500 | ||
|---|---|---|---|
| 003 | AR-BaBNM | ||
| 005 | 20251128211700.0 | ||
| 008 | 235020s2004 ||||||||||||||000 | spa|| | ||
| 040 | _cAR-BaBNM | ||
| 245 | 1 | 0 |
_aLeer X leer _b1º año Polimodal : 3º año de secundaria común |
| 246 | 1 | _aLeer por leer 3 | |
| 260 |
_aBuenos Aires _bMinisterio de Educación Ciencia y Tecnología _bEudeba _c2004 |
||
| 300 | 0 | _a187p. | |
| 490 | 0 |
_aLecturas para estudiantes _vv. 3 |
|
| 521 | _aPOLIMODAL | ||
| 610 | 2 | 4 | _aPlan Nacional de Lectura |
| 650 | 4 | _aANTOLOGIAS | |
| 650 | 4 | _aESCRITORES | |
| 650 | 4 | _aLITERATURA UNIVERSAL | |
| 650 | 4 | _aCUENTOS | |
| 650 | 4 | _aPOESIA | |
| 653 | 0 | _aINICIACION LITERARIA | |
| 655 | _aLITERATURA | ||
| 700 | 1 |
_aGiardinelli, Mempo _eprologuista |
|
| 710 | 1 |
_aArgentina _bMinisterio de Educación, Ciencia y Tecnología. Plan Nacional de Lectura |
|
| 800 | 1 | _aMempo, Giardinelli | |
| 942 | _cBK | ||
| 998 | _calexandra | ||
| 999 |
_c20702 _d20702 |
||